[Event "Catalunya-ch U20"]
[Site "Vila Seca"]
[Date "2011.04.23"]
[Round "6"]
[White "Montiel Baeza, Alex"]
[Black "Moreno Martin, Daniel"]
[Result "0-1"]
[WhiteElo "1908"]
[BlackElo "2171"]
[PlyCount "80"]
[EventDate "2011.04.20"]
[EventType "swiss"]
[EventRounds "8"]
[EventCountry "ESP"]
[SourceTitle "EXT 2012"]
[Source "ChessBase"]
[SourceDate "2011.11.24"]
[SourceVersion "1"]
[SourceVersionDate "2011.11.24"]
[SourceQuality "1"]

1. e4 e6 2. d4 d5 3. Nd2 c5 4. exd5 Qxd5 5. Ngf3 cxd4 6. Bc4 Qd6 7. Nb3 Qb4+ 8. Nbd2 Nc6 9. 0-0 Nf6 10. Qe2 a6 11. Rd1 Be7 12. a3 Qd6 13. Ba2 0-0 14. Nb3 e5 15. h3 Be6 16. c3 a5 17. cxd4 e4 18. Ng5 a4 19. Nxe6 axb3 20. Nxf8 bxa2 21. Nxh7 Kxh7 22. Rxa2 Nxd4 23. Qf1 Qe6 24. Ra1 Nf5 25. Re1 Ra5 26. Bd2 Rd5 27. Bc3 Nh4 28. Bxf6 Bxf6 29. Qe2 Nf3+ 30. Qxf3 exf3 31. Rxe6 fxe6 32. gxf3 Kg6 33. Re1 Kf5 34. Rc1 Bxb2 35. Rc7 b5 36. Ra7 Rd3 37. Ra5 Rd5 38. Ra6 Kf6 39. Kg2 Rd3 40. Rb6 Rb3 0-1

[Event "Catalunya-ch U20"]
[Site "Vila Seca"]
[Date "2011.04.20"]
[Round "1"]
[White "Montiel Baeza, Alex"]
[Black "Coll Ortega, Jordi"]
[Result "0-1"]
[WhiteElo "1908"]
[BlackElo "2283"]
[PlyCount "86"]
[EventDate "2011.04.20"]
[EventType "swiss"]
[EventRounds "8"]
[EventCountry "ESP"]
[SourceTitle "EXT 2012"]
[Source "ChessBase"]
[SourceDate "2011.11.24"]
[SourceVersion "1"]
[SourceVersionDate "2011.11.24"]
[SourceQuality "1"]

1. e4 c5 2. Nf3 e6 3. d4 cxd4 4. Nxd4 Nc6 5. Nc3 Qc7 6. f4 a6 7. Nxc6 Qxc6 8. Bd3 b5 9. Qe2 Bb7 10. Bd2 Nf6 11. e5 b4 12. exf6 bxc3 13. Bxc3 g6 14. 0-0 Bc5+ 15. Kh1 h5 16. Rae1 h4 17. h3 0-0-0 18. Be4 Qxe4 19. Qxe4 Bxe4 20. Rxe4 d5 21. Ree1 d4 22. Ba5 Rd5 23. Re5 Rh5 24. Rfe1 Kd7 25. Rxh5 Rxh5 26. Bd2 Kd6 27. g4 hxg3 28. Kg2 Rf5 29. Kxg3 Kd5 30. Kg4 Bd6 31. c3 dxc3 32. bxc3 Rxf6 33. Rb1 e5 34. fxe5 Bxe5 35. Rb7 Rf2 36. Be3 f5+ 37. Kg5 Rg2+ 38. Kh6 f4 39. Ba7 Bxc3 40. Rb6 a5 41. h4 f3 42. Rb1 Bd2+ 43. Kh7 Ke4 0-1

[Event "Catalunya-ch U20"]
[Site "Vila Seca"]
[Date "2010.03.31"]
[Round "1"]
[White "Colon Garcia, Enrique"]
[Black "Montiel Baeza, Alex"]
[Result "1-0"]
[WhiteElo "2249"]
[BlackElo "1900"]
[PlyCount "60"]
[EventDate "2010.03.31"]
[EventType "swiss"]
[EventRounds "9"]
[EventCountry "ESP"]
[SourceTitle "CBM 135 Extra"]
[Source "ChessBase"]
[SourceDate "2010.05.04"]
[SourceVersion "1"]
[SourceVersionDate "2010.05.04"]
[SourceQuality "1"]

1. e4 e6 2. d4 d5 3. Nd2 c5 4. exd5 Qxd5 5. Ngf3 cxd4 6. Bc4 Qd6 7. 0-0 Nc6 8. Nb3 Nf6 9. Nbxd4 Nxd4 10. Nxd4 Be7 11. Bd3 a6 12. Re1 0-0 13. Nf3 Rd8 14. Ne5 Qc7 15. Bf4 Bd6 16. Qe2 b6 17. Rad1 Bb7 18. c4 Bb4 19. Rf1 Re8 20. Bg3 Qc8 21. a3 Be7 22. Rfe1 Rf8 23. b4 a5 24. Rb1 axb4 25. axb4 Ra4 26. Bh4 Ba8 27. b5 Ra7 28. Rb3 Bd8 29. Bxf6 Qb7 30. Nc6 h6 1-0

[Event "Catalunya-ch U20"]
[Site "Catalunya"]
[Date "2008.03.23"]
[Round "7"]
[White "Montiel Baeza, Alex"]
[Black "Veciana Coronado, Pau"]
[Result "1-0"]
[WhiteElo "1863"]
[BlackElo "1825"]
[PlyCount "117"]
[EventDate "2008.03.19"]
[EventType "swiss"]
[EventRounds "9"]
[EventCountry "ESP"]
[SourceTitle "EXT 2010"]
[Source "ChessBase"]
[SourceDate "2010.11.25"]
[SourceVersion "1"]
[SourceVersionDate "2010.11.25"]
[SourceQuality "1"]

1. e4 c5 2. Nf3 d6 3. d4 cxd4 4. Nxd4 Nf6 5. Nc3 a6 6. f4 Nc6 7. Nf3 Bg4 8. h3 Bxf3 9. Qxf3 e5 10. Bd3 Be7 11. a3 Rc8 12. 0-0 0-0 13. Kh1 Nd4 14. Qg3 Nh5 15. Qg4 Nxf4 16. Bxf4 exf4 17. Rxf4 Bg5 18. Rff1 Nc6 19. Qd1 Ne5 20. Be2 Qd7 21. Nd5 Bd8 22. c3 b5 23. Qd4 Qe6 24. Qa7 Bh4 25. Qxa6 Ra8 26. Qb6 Rab8 27. Qd4 Rfc8 28. Rab1 Nc6 29. Qd3 Ne5 30. Qe3 Nc4 31. Qf4 Rc5 32. Bxc4 Rxc4 33. Qxh4 Qxd5 34. Qxh7+ Kxh7 35. exd5 Kg6 36. Rf2 Re8 37. Rbf1 f6 38. Kg1 Re5 39. Rd2 Kf7 40. Rfd1 Rce4 41. Rd4 Re2 42. R1d2 f5 43. Kf1 Rxd2 44. Rxd2 Re4 45. g3 Kf6 46. Rd4 Re5 47. Kf2 g5 48. Rd3 g4 49. h4 Kg6 50. b3 Re8 51. c4 bxc4 52. bxc4 Rc8 53. Rc3 Kf6 54. Ke3 Rb8 55. Kd4 Re8 56. Re3 Ra8 57. Re6+ Kf7 58. Rxd6 Rxa3 59. Ke5 1-0

[Event "Catalunya-ch U16"]
[Site "Vila Seca"]
[Date "2007.04.01"]
[Round "2"]
[White "Barbero Sendic, Alejandro"]
[Black "Montiel Baeza, Alex"]
[Result "1-0"]
[WhiteElo "2168"]
[BlackElo "1893"]
[PlyCount "83"]
[EventDate "2007.03.31"]
[EventType "swiss"]
[EventRounds "8"]
[EventCountry "ESP"]
[SourceTitle "EXT 2023"]
[Source "ChessBase"]
[SourceDate "2022.10.05"]
[SourceVersion "1"]
[SourceVersionDate "2022.10.05"]
[SourceQuality "1"]

1. e4 e6 2. d4 d5 3. Nc3 Bb4 4. Nge2 dxe4 5. a3 Bxc3+ 6. Nxc3 Nc6 7. Bb5 Bd7 8. Nxe4 Nge7 9. c3 a6 10. Bd3 e5 11. dxe5 Nxe5 12. Bc2 Bb5 13. Qxd8+ Rxd8 14. Bd2 b6 15. 0-0-0 Nd3+ 16. Bxd3 Bxd3 17. Rhe1 f6 18. Bf4 Bxe4 19. Rxe4 Rxd1+ 20. Kxd1 Kd7 21. Bxc7 f5 22. Re2 Nc8 23. Be5 Rg8 24. a4 g6 25. Bd4 Kc7 26. b4 Rd8 27. Kc2 Rd7 28. Re6 Re7 29. Bxb6+ Kb7 30. Rxe7+ Nxe7 31. Bc5 Nd5 32. c4 Nf4 33. g3 Ne6 34. Be3 g5 35. f3 f4 36. Bf2 h5 37. Kd3 fxg3 38. hxg3 h4 39. gxh4 gxh4 40. Bxh4 a5 41. b5 Nc5+ 42. Kd4 1-0